Wilkes-Barre/Scranton Int. Destinations (Wilkes-Barre, PA, USA) - Statistics

General Stats
  • This quiz has been taken 42 times
    22 since last reset
  • The average score is 5 of 7
Answer Stats
Airline Destination % Correct
American Eagle/United Express Chicago (O'Hare)
95%
Breeze Airways Orlando
74%
American Airlines/American Eagle Charlotte
68%
Breeze Airways Tampa
68%
United Express Washington (Dulles)
68%
Breeze Airways Fort Myers
63%
Breeze Airways Myrtle Beach
26%
No matching quizzes found
Score Distribution
Percent of People with Each Score
Percentile by Number Answered
Your Score History
You have not taken this quiz since the last reset